[Event "VI Open Gelso Bianco A"]
[Site "Catania ITA"]
[Date "1995.08.06"]
[Round "1"]
[White "Marinelli, Tullio"]
[Black "Gueci, Riccardo"]
[Result "1-0"]
[WhiteElo "2440"]
[BlackElo "2175"]
[PlyCount "97"]
[EventDate "1995.08.06"]

1.d4 d6 2.c4 Nf6 3.Nc3 Nbd7 4.e4 e5 5.Nf3 g6 6.Be2 Bg7 7.O-O O-O 8.Re1 
exd4 9.Nxd4 Nc5 10.f3 Ne6 11.Be3 Nh5 12.Qd2 Be5 13.Nxe6 fxe6 14.g3 Bg7 15.
f4 Nf6 16.Rad1 Qe7 17.Rf1 a6 18.e5 dxe5 19.fxe5 Nd7 20.Ne4 Bxe5 21.Bg5 Qg7
22.Bg4 Rf5 23.Bxf5 gxf5 24.Bh6 Qg6 25.Qg5 Bg7 26.Bxg7 Kxg7 27.Qe7+ Qf7 28.
Qxf7+ Kxf7 29.g4 Ne5 30.gxf5 exf5 31.Rd8 b6 32.Ng3 Bb7 33.Rxf5+ Ke6 34.
Rxa8 Bxa8 35.Rh5 Nxc4 36.b3 Ne5 37.Rxh7 Nf3+ 38.Kf2 Kd6 39.Nf5+ Ke5 40.Ne3
Kd6 41.Nc4+ Ke6 42.Rxc7 Nxh2 43.Nxb6 Be4 44.Ke3 Bb1 45.Rc1 Bxa2 46.Rc2 
Nf1+ 47.Kf2 Bxb3 48.Rc3 Nd2 49.Ke2 1-0

[Event "VI Open Gelso Bianco A"]
[Site "Catania ITA"]
[Date "1995.08.06"]
[Round "1"]
[White "Moncher, Stefano"]
[Black "Godena, Michele"]
[Result "0-1"]
[WhiteElo "2202"]
[BlackElo "2420"]
[PlyCount "80"]
[EventDate "1995.08.06"]

1.e4 e5 2.Nf3 Nc6 3.Bb5 a6 4.Bc4 Nf6 5.O-O b5 6.Bb3 Bc5 7.c3 d6 8.d4 Bb6 
9.h3 Bb7 10.Re1 h6 11.a4 O-O 12.d5 Ne7 13.Be3 Bxe3 14.Rxe3 c6 15.dxc6 Bxc6
16.Nbd2 Ng6 17.g3 Qd7 18.Kh2 Rae8 19.axb5 axb5 20.Re1 Kh8 21.Qe2 d5 22.
exd5 Nxd5 23.Red1 f5 24.Nf1 Qb7 25.Ng5 Nf6 26.Ne6 Bf3 27.Qe3 f4 28.Qd3 
fxg3+ 29.fxg3 Bxd1 30.Rxd1 Ng4+ 31.Kg1 Qb6+ 32.Nd4 exd4 33.hxg4 dxc3+ 34.
Kh1 Ne5 35.Qxc3 Nf3 36.Nd2 Qf2 37.Nxf3 Rxf3 38.Qc6 Re1+ 39.Rxe1 Qxe1+ 40.
Kh2 Qxg3+ 0-1

[Event "VI Open Gelso Bianco A"]
[Site "Catania ITA"]
[Date "1995.08.06"]
[Round "1"]
[White "Naumkin, Igor"]
[Black "Komnenic, Branko"]
[Result "1-0"]
[WhiteElo "2455"]
[BlackElo "2270"]
[PlyCount "59"]
[EventDate "1995.08.06"]

1.d4 d5 2.c4 e6 3.Nc3 Be7 4.Nf3 Nf6 5.Bg5 h6 6.Bh4 O-O 7.e3 b6 8.Rc1 dxc4 
9.Bxc4 Bb7 10.O-O Nbd7 11.Qe2 Ne4 12.Nxe4 Bxh4 13.Nc3 c5 14.d5 exd5 15.
Bxd5 Bxd5 16.Nxd5 Bf6 17.Rfd1 Ne5 18.b4 Rc8 19.bxc5 Nxf3+ 20.Qxf3 bxc5 21.
Rc4 Qd6 22.Nxf6+ Qxf6 23.Qxf6 gxf6 24.Rd5 Rfd8 25.Rcxc5 Rxc5 26.Rxd8+ Kg7 
27.g3 Rc2 28.a4 Rc4 29.Rd4 Rc1+ 30.Kg2 1-0

[Event "VI Open Gelso Bianco A"]
[Site "Catania ITA"]
[Date "1995.08.06"]
[Round "1"]
[White "Ochoa de Echaguen, Francisco Javier"]
[Black "Genovese, Maurizio"]
[Result "1-0"]
[WhiteElo "2455"]
[BlackElo "2255"]
[PlyCount "93"]
[EventDate "1995.08.06"]

1.e4 e5 2.Nf3 Nc6 3.Nc3 Nf6 4.d4 exd4 5.Nxd4 Bb4 6.Nxc6 bxc6 7.Bd3 d5 8.
exd5 Qe7+ 9.Qe2 Qxe2+ 10.Kxe2 cxd5 11.Nb5 Kd8 12.Rd1 Re8+ 13.Kf1 c6 14.Nd4
Kc7 15.c4 Ba6 16.Bf4+ Kb7 17.cxd5 Bxd3+ 18.Rxd3 Nxd5 19.Bg3 Re4 20.Rc1 
Rae8 21.Rdd1 Rc8 22.a3 Bf8 23.Rd3 g6 24.Nb3 Ra4 25.f3 Re8 26.Be1 Re6 27.
Na5+ Kb6 28.Rb3+ Ka6 29.Rxc6+ Rxc6 30.Nxc6 Nb6 31.Nb8+ Kb7 32.Nd7 Bd6 33.
Bf2 Rc4 34.Nxb6 Rc1+ 35.Ke2 Rc2+ 36.Ke1 axb6 37.Rxb6+ Kc7 38.Rb5 Kc6 39.a4
Bxh2 40.g3 h5 41.Rb6+ Kc7 42.a5 h4 43.gxh4 Be5 44.b4 Bc3+ 45.Kf1 Ra2 46.
Bg3+ Kc8 47.Rc6+ 1-0

[Event "VI Open Gelso Bianco A"]
[Site "Catania ITA"]
[Date "1995.08.06"]
[Round "1"]
[White "Psakhis, Lev B."]
[Black "Miljanic, Boro"]
[Result "1/2-1/2"]
[WhiteElo "2610"]
[BlackElo "2380"]
[PlyCount "37"]
[EventDate "1995.08.06"]

1.c4 e6 2.Nf3 d5 3.d4 c5 4.cxd5 exd5 5.g3 Nc6 6.Bg2 Nf6 7.O-O Be7 8.Nc3 
O-O 9.b3 Ne4 10.Bb2 Bf6 11.Na4 b6 12.Rc1 Re8 13.dxc5 Bxb2 14.Nxb2 bxc5 15.
Nd2 Qf6 16.Na4 Bg4 17.Nf3 Nb4 18.h3 Bh5 19.g4 1/2-1/2

[Event "VI Open Gelso Bianco A"]
[Site "Catania ITA"]
[Date "1995.08.06"]
[Round "1"]
[White "Scavo, Fernando"]
[Black "Arlandi, Ennio"]
[Result "0-1"]
[WhiteElo "2260"]
[BlackElo "2455"]
[PlyCount "120"]
[EventDate "1995.08.06"]

1.d4 d5 2.c4 c6 3.Nf3 Nf6 4.Nc3 a6 5.c5 Nbd7 6.Bf4 Nh5 7.Bg5 h6 8.Bd2 g6 
9.e3 Bg7 10.b4 Qc7 11.Bd3 e5 12.dxe5 Nxe5 13.Nxe5 Qxe5 14.O-O Nf6 15.f3 
Bf5 16.Qc2 Bxd3 17.Qxd3 O-O 18.Ne2 Rfe8 19.Nd4 Nd7 20.Rac1 Qc7 21.Rfe1 Ne5
22.Qb3 Nc4 23.Rxc4 dxc4 24.Qxc4 Rad8 25.Bc3 Rd7 26.a3 Qd8 27.Qf1 Kh7 28.
Qf2 f5 29.g3 Rde7 30.Qd2 Qd5 31.Qd3 Bxd4 32.Bxd4 Qxf3 33.Qc4 Rd7 34.a4 h5 
35.Rf1 Qd5 36.Qxd5 Rxd5 37.h4 Kg8 38.Kf2 Kf7 39.Rc1 Rd7 40.a5 Re4 41.Kf3 
Ke6 42.Rd1 Rd8 43.Rd2 Rg4 44.Kf2 g5 45.hxg5 Rxg5 46.Rd1 Rdg8 47.Bc3 Rxg3 
48.Rd6+ Ke7 49.Rh6 f4 50.Rxh5 Rxe3 51.Rh7+ Ke6 52.Bd2 Rd3 53.Bxf4 Rd4 54.
Bc7 Rxb4 55.Bb6 Rf8+ 56.Ke3 Rf7 57.Rh5 Rbf4 58.Ba7 Rf3+ 59.Ke2 R3f5 60.Rh4
Kd5 0-1

[Event "VI Open Gelso Bianco A"]
[Site "Catania ITA"]
[Date "1995.08.06"]
[Round "1"]
[White "Vescovi Portilho, Giovanni"]
[Black "Bellia, Fabrizio"]
[Result "1-0"]
[WhiteElo "2465"]
[BlackElo "2300"]
[PlyCount "91"]
[EventDate "1995.08.06"]

1.d4 Nf6 2.c4 g6 3.Nc3 Bg7 4.e4 O-O 5.Nf3 d6 6.Be2 e5 7.O-O Na6 8.d5 Nc5 
9.Qc2 a5 10.Ne1 Nh5 11.Be3 Nf4 12.f3 b6 13.Qd2 f5 14.Kh1 Bd7 15.Nc2 Nxe2 
16.Qxe2 fxe4 17.fxe4 Qh4 18.Bf2 Qe7 19.Na3 Bh6 20.Nab5 Na6 21.a3 Qg5 22.h3
Qd2 23.Qxd2 Bxd2 24.Ne2 Bxb5 25.cxb5 Nc5 26.Bxc5 bxc5 27.a4 Be3 28.Rf3 
Rxf3 29.gxf3 Rf8 30.Kg2 Bg5 31.Rd1 h5 32.Nc3 Be3 33.Nb1 Bd4 34.b3 g5 35.
Rf1 Rf4 36.Nd2 Bc3 37.Nc4 g4 38.b6 cxb6 39.Nxd6 c4 40.Nxc4 Bd4 41.fxg4 
Rxe4 42.d6 Bc5 43.Rd1 hxg4 44.d7 gxh3+ 45.Kxh3 Be7 46.d8=Q+ 1-0

[Event "VI Open Gelso Bianco A"]
[Site "Catania ITA"]
[Date "1995.08.06"]
[Round "1"]
[White "Viaggi, Giovanni"]
[Black "Szekely, Peter"]
[Result "1/2-1/2"]
[WhiteElo "2125"]
[BlackElo "2435"]
[PlyCount "30"]
[EventDate "1995.08.06"]

1.e4 c5 2.Nf3 d6 3.d4 cxd4 4.Nxd4 Nf6 5.Nc3 a6 6.Be3 e6 7.Qd2 b5 8.f3 Nbd7
9.O-O-O Bb7 10.g4 Nb6 11.Bd3 Nfd7 12.Bg5 Qc8 13.Rhe1 h6 14.Bh4 g5 15.Bg3 
Ne5 1/2-1/2

[Event "VI Open Gelso Bianco A"]
[Site "Catania ITA"]
[Date "1995.08.07"]
[Round "2"]
[White "Adla, Diego Gustavo"]
[Black "Ikonnikov, Vyacheslav"]
[Result "1/2-1/2"]
[WhiteElo "2440"]
[BlackElo "2540"]
[PlyCount "117"]
[EventDate "1995.08.06"]

1.d4 Nf6 2.c4 e6 3.Nf3 Bb4+ 4.Bd2 Qe7 5.g3 Nc6 6.Bg2 Bxd2+ 7.Nbxd2 d6 8.
O-O O-O 9.e4 e5 10.d5 Nb8 11.Ne1 a5 12.Nd3 Na6 13.Qc2 Nd7 14.f4 Ndc5 15.
fxe5 dxe5 16.Nf2 Bd7 17.b3 b6 18.a3 Nb7 19.Qc3 Rfe8 20.Bf3 c5 21.Bg4 Nd6 
22.Bxd7 Qxd7 23.Qe3 f6 24.Nd3 Rec8 25.Rfc1 Rab8 26.Rab1 Rb7 27.Kg2 Qg4 28.
h3 Qg6 29.Kh2 h6 30.Rg1 Qe8 31.Rbc1 Qd8 32.g4 b5 33.Rg3 a4 34.bxa4 bxc4 
35.Nxc4 Rb3 36.Qe2 Nxc4 37.Rxc4 Qb6 38.Ne1 Rb2 39.Nc2 Nc7 40.Rgc3 Ne8 41.
Qe3 Nd6 42.Rxc5 Rxc5 43.Qxc5 Qa6 44.Qe3 Qf1 45.Kg3 Qh1 46.Kh4 Nxe4 47.Rc8+
Kh7 48.Rc7 Ng5 49.a5 e4 50.Kh5 Rxc2 51.Rxc2 Nxh3 52.Rh2 g6+ 53.Kh4 Qxh2 
54.Qa7+ Kg8 55.Qa8+ Kg7 56.Qb7+ Kf8 57.Qc8+ Kg7 58.Qd7+ Kf8 59.Qd8+ 
1/2-1/2

[Event "VI Open Gelso Bianco A"]
[Site "Catania ITA"]
[Date "1995.08.07"]
[Round "2"]
[White "Arlandi, Ennio"]
[Black "Fabiano, Giuseppe"]
[Result "1-0"]
[WhiteElo "2455"]
[BlackElo "2230"]
[PlyCount "73"]
[EventDate "1995.08.06"]

1.d4 Nf6 2.c4 g6 3.Nc3 d5 4.Nf3 Bg7 5.e3 O-O 6.b4 b6 7.Qb3 e6 8.cxd5 exd5 
9.Ba3 Bb7 10.Rc1 Re8 11.Be2 a6 12.O-O c6 13.Ne5 Nbd7 14.f4 Nf8 15.Bf3 Ne6 
16.Ne2 Rc8 17.Rc3 Nd7 18.Bg4 Nxe5 19.fxe5 Qh4 20.Bxe6 Rxe6 21.Bc1 g5 22.
Bd2 Rh6 23.h3 Re8 24.Be1 Qe4 25.Ng3 Qg6 26.Nf5 Rh5 27.Qd1 g4 28.Qxg4 Rg5 
29.Qf3 Bf8 30.Bh4 Rh5 31.Bf6 Bc8 32.Nh4 Qh6 33.Qg3+ Bg7 34.Rxc6 Be6 35.
Rxb6 Rc8 36.Rxa6 Kf8 37.Rxe6 1-0

[Event "VI Open Gelso Bianco A"]
[Site "Catania ITA"]
[Date "1995.08.07"]
[Round "2"]
[White "Bellia, Fabrizio"]
[Black "Moncher, Stefano"]
[Result "1/2-1/2"]
[WhiteElo "2300"]
[BlackElo "2202"]
[PlyCount "122"]
[EventDate "1995.08.06"]

1.e4 e6 2.d4 d5 3.Nd2 Nf6 4.e5 Nfd7 5.Bd3 c5 6.c3 Nc6 7.Ne2 cxd4 8.cxd4 f6
9.exf6 Nxf6 10.O-O Bd6 11.Nf3 Qc7 12.Nc3 a6 13.Be3 O-O 14.Rc1 Bd7 15.Re1 
Be8 16.Ne5 Qd8 17.f4 Bh5 18.Be2 Bxe2 19.Qxe2 Ne7 20.Bf2 Re8 21.Nd3 Ng6 22.
g3 Qe7 23.Nc5 Nf8 24.a4 h6 25.a5 Qf7 26.Qf3 Re7 27.Re2 Rae8 28.Rce1 Qg6 
29.Kg2 Qf5 30.b4 Rf7 31.Qd3 Qxd3 32.Nxd3 g5 33.fxg5 hxg5 34.Nc5 Kg7 35.Be3
Kg6 36.Bd2 Rfe7 37.Rf1 N8d7 38.Rfe1 Nxc5 39.bxc5 Bc7 40.Rf1 Bxa5 41.Nxd5 
exd5 42.Rxe7 Rxe7 43.Bxa5 Re2+ 44.Kg1 Rb2 45.h4 Ne4 46.Rf8 Kh5 47.hxg5 
Kxg5 48.Rg8+ Kf5 49.Bc7 Nc3 50.g4+ Ke4 51.g5 Ne2+ 52.Kf1 Nxd4 53.g6 Rb1+ 
54.Kg2 Ne6 55.g7 Nxg7 56.Rxg7 d4 57.Re7+ Kd3 58.Bb6 Rc1 59.Rxb7 Rc4 60.Kf3
a5 61.Ra7 a4 1/2-1/2

[Event "VI Open Gelso Bianco A"]
[Site "Catania ITA"]
[Date "1995.08.07"]
[Round "2"]
[White "Bellomo, Francesco"]
[Black "Isonzo, David"]
[Result "1-0"]
[WhiteElo "2360"]
[BlackElo "2190"]
[PlyCount "69"]
[EventDate "1995.08.06"]

1.Nf3 Nf6 2.g3 d5 3.Bg2 c5 4.O-O e6 5.d3 Nc6 6.Nbd2 Be7 7.e4 O-O 8.Re1 Qc7
9.e5 Nd7 10.Qe2 b5 11.Nf1 a5 12.h4 Nd4 13.Nxd4 cxd4 14.Bf4 Ra6 15.Nh2 Rc6 
16.Rac1 Qb6 17.Bg5 Bxg5 18.hxg5 Ba6 19.Ng4 Rfc8 20.Red1 Qc7 21.Rd2 b4 22.
Bf1 a4 23.b3 Nc5 24.Rb1 axb3 25.axb3 Ne4 26.Ra1 Nxd2 27.Qxd2 Qd6 28.Ra2 
Bb7 29.Be2 Qc5 30.Qf4 Ra6 31.Rxa6 Bxa6 32.Bd1 Kf8 33.Kg2 Bb5 34.Nh2 Ra8 
35.Bg4 1-0

[Event "VI Open Gelso Bianco A"]
[Site "Catania ITA"]
[Date "1995.08.07"]
[Round "2"]
[White "Cherniaev, Alexander"]
[Black "Scavo, Fernando"]
[Result "1-0"]
[WhiteElo "2450"]
[BlackElo "2260"]
[PlyCount "31"]
[EventDate "1995.08.06"]

1.e4 e6 2.d4 d5 3.e5 c5 4.c3 Nc6 5.Nf3 Bd7 6.Be2 Nge7 7.Na3 cxd4 8.cxd4 
Nf5 9.Nc2 Be7 10.O-O Qb6 11.Bd3 O-O 12.g4 Nh6 13.Ng5 g6 14.Nh3 Kg7 15.Be3 
f5 16.exf6+ 1-0

[Event "VI Open Gelso Bianco A"]
[Site "Catania ITA"]
[Date "1995.08.07"]
[Round "2"]
[White "Conquest, Stuart C."]
[Black "Pajkovic, Vladimir"]
[Result "1-0"]
[WhiteElo "2455"]
[BlackElo "2430"]
[PlyCount "99"]
[EventDate "1995.08.06"]

1.e4 e5 2.Bc4 Nf6 3.d3 Nc6 4.Nf3 Be7 5.O-O O-O 6.Nbd2 d6 7.a3 Be6 8.b4 Nd7
9.Bb2 Bf6 10.Re1 a5 11.c3 Re8 12.Qc2 Nf8 13.b5 Nb8 14.d4 Nbd7 15.h3 Nb6 
16.Bf1 Ng6 17.a4 c6 18.bxc6 bxc6 19.Ba3 Qc7 20.Rab1 Red8 21.g3 h6 22.Kh2 
Rab8 23.Rb2 Be7 24.Reb1 Bf8 25.Bd3 Nd7 26.Nf1 Rxb2 27.Rxb2 Rb8 28.Ne3 Rxb2
29.Bxb2 Nb6 30.h4 c5 31.h5 Ne7 32.dxe5 dxe5 33.c4 f6 34.Nd5 Qc6 35.Bc3 
Nxa4 36.Bxa5 Bd7 37.Nh4 Qa6 38.Bd2 Nb6 39.Qb3 Nexd5 40.exd5 Ba4 41.Qb1 Be8
42.Bh7+ Kh8 43.Bg6 Bxg6 44.Qxg6 Nxc4 45.Qf7 Nxd2 46.Ng6+ Kh7 47.Nxf8+ Kh8 
48.Qe8 Nf3+ 49.Kg2 Ne1+ 50.Kh3 1-0

[Event "VI Open Gelso Bianco A"]
[Site "Catania ITA"]
[Date "1995.08.07"]
[Round "2"]
[White "Garcia Palermo, Carlos Horacio"]
[Black "Marinelli, Tullio"]
[Result "1-0"]
[WhiteElo "2505"]
[BlackElo "2440"]
[PlyCount "149"]
[EventDate "1995.08.06"]

1.d4 Nf6 2.c4 e6 3.Nc3 Bb4 4.Qc2 d5 5.cxd5 exd5 6.Bg5 c5 7.a3 cxd4 8.axb4 
dxc3 9.bxc3 Be6 10.e3 Nbd7 11.Bb5 O-O 12.Bxd7 Bxd7 13.Ne2 h6 14.Bxf6 Qxf6 
15.Nd4 Rfc8 16.O-O Qb6 17.Ra5 Be6 18.Rfa1 Rc4 19.h3 Rac8 20.R1a3 a6 21.Qd2
Qc7 22.Ne2 g5 23.Ra1 Qd7 24.R5a3 R8c7 25.Nd4 Kg7 26.Rb3 Qc8 27.Raa3 b6 28.
Qb2 Ra7 29.Qa1 Bd7 30.Ra2 Qa8 31.Rba3 Bc8 32.f4 f6 33.Rf2 Rf7 34.Qb1 Qb7 
35.Qd3 Qc7 36.Ne2 a5 37.bxa5 bxa5 38.Ng3 Qc5 39.Nh5+ Kf8 40.Rb3 a4 41.Rb8 
Rxc3 42.Qa6 gxf4 43.Rxc8+ Qxc8 44.Qd6+ Ke8 45.Nxf6+ Rxf6 46.Qxf6 Qc5 47.
Qxf4 Qxe3 48.Qf7+ Kd8 49.Kh1 Rc1+ 50.Kh2 Qe5+ 51.g3 Rc7 52.Qf8+ Kd7 53.
Rf7+ Kc6 54.Qa8+ Kb5 55.Qb8+ Kc6 56.Rf2 Qc3 57.Qa8+ Kb5 58.Qxd5+ Kb4 59.
Rf4+ Rc4 60.Qb7+ Ka3 61.Rf3 Qxf3 62.Qxf3+ Kb2 63.Qb7+ Kc3 64.Qb1 a3 65.Qa2
Kb4 66.g4 Rc3 67.h4 Rb3 68.Qa1 Rb2+ 69.Kh3 Kb3 70.g5 hxg5 71.hxg5 a2 72.g6
Rb1 73.g7 Rxa1 74.g8=Q+ Kc2 75.Qc4+ 1-0

[Event "VI Open Gelso Bianco A"]
[Site "Catania ITA"]
[Date "1995.08.07"]
[Round "2"]
[White "Genovese, Maurizio"]
[Black "Nurkic, Sahbaz"]
[Result "1-0"]
[WhiteElo "2255"]
[BlackElo "2420"]
[PlyCount "67"]
[EventDate "1995.08.06"]

1.d4 g6 2.c4 Bg7 3.Nc3 d6 4.e4 Nf6 5.f4 O-O 6.Nf3 c5 7.d5 Na6 8.Bd3 Nc7 9.
O-O a6 10.a4 e6 11.dxe6 fxe6 12.Ng5 Qe7 13.Bd2 Rb8 14.Qe2 Kh8 15.e5 Nd7 
16.Nxh7 Kxh7 17.Qh5+ Kg8 18.Bxg6 Rf5 19.Qh7+ Kf8 20.g4 Bxe5 21.fxe5 Qxh7 
22.Bxh7 Rxf1+ 23.Rxf1+ Kg7 24.exd6 Ne8 25.Bd3 Nxd6 26.Bf4 e5 27.Bg3 Nf7 
28.Nd5 b5 29.cxb5 Bb7 30.Nc7 Ng5 31.Rf5 Nf3+ 32.Kf2 axb5 33.Bxb5 Nf6 34.
Rxf3 1-0

[Event "VI Open Gelso Bianco A"]
[Site "Catania ITA"]
[Date "1995.08.07"]
[Round "2"]
[White "Godena, Michele"]
[Black "Naumkin, Igor"]
[Result "0-1"]
[WhiteElo "2420"]
[BlackElo "2455"]
[PlyCount "68"]
[EventDate "1995.08.06"]

1.e4 e6 2.d4 d5 3.Nd2 c5 4.Ngf3 cxd4 5.Nxd4 Nc6 6.Bb5 Bd7 7.Nxc6 bxc6 8.
Bd3 Ne7 9.O-O Ng6 10.Nf3 Be7 11.Re1 O-O 12.c4 dxe4 13.Bxe4 f5 14.Bc2 Qc7 
15.Bg5 Bxg5 16.Nxg5 Rf6 17.Qd2 Re8 18.Rad1 Bc8 19.Qd6 Qb7 20.Qa3 h6 21.Nf3
e5 22.Rd6 Qe7 23.c5 e4 24.Nd4 Bd7 25.Rxf6 Qxf6 26.Qxa7 Qxd4 27.Rd1 e3 28.
Rxd4 e2 29.Bd3 e1=Q+ 30.Bf1 Re2 31.Qb8+ Kh7 32.Qg3 f4 33.Rxf4 Nxf4 34.Qxf4
Rxb2 0-1

[Event "VI Open Gelso Bianco A"]
[Site "Catania ITA"]
[Date "1995.08.07"]
[Round "2"]
[White "Gueci, Riccardo"]
[Black "Manca, Federico"]
[Result "0-1"]
[WhiteElo "2175"]
[BlackElo "2355"]
[PlyCount "54"]
[EventDate "1995.08.06"]

1.e4 d6 2.d4 Nf6 3.f3 g6 4.Be3 c6 5.c4 Bg7 6.Nc3 O-O 7.Qd2 e5 8.d5 cxd5 9.
cxd5 a6 10.a4 Nh5 11.Bd3 f5 12.Nge2 Nd7 13.b4 Ndf6 14.O-O f4 15.Bf2 g5 16.
h3 Kh8 17.a5 Rg8 18.Na4 g4 19.hxg4 Nxg4 20.fxg4 Bxg4 21.Nb6 Bh6 22.Kh2 Ng3
23.Ng1 Qh4+ 24.Nh3 Bxh3 25.gxh3 f3 26.Be3 Nxe4 27.Bxe4 Bxe3 0-1

[Event "VI Open Gelso Bianco A"]
[Site "Catania ITA"]
[Date "1995.08.07"]
[Round "2"]
[White "Komnenic, Branko"]
[Black "Efimov, Igor"]
[Result "1-0"]
[WhiteElo "2270"]
[BlackElo "2450"]
[PlyCount "79"]
[EventDate "1995.08.06"]

1.d4 Nf6 2.Nf3 e6 3.c4 a6 4.a4 Nc6 5.g3 d5 6.b3 Ne4 7.Ba3 Bxa3 8.Nxa3 Qe7 
9.Nc2 dxc4 10.bxc4 e5 11.d5 Na5 12.Bg2 Nxc4 13.O-O O-O 14.Qd3 Ned6 15.Qc3 
Bg4 16.a5 b6 17.Nb4 Nxa5 18.Nxe5 Bh5 19.Rfe1 Rfe8 20.Ned3 Nb5 21.Qb2 Nc4 
22.Qc1 Ncd6 23.Rxa6 Rxa6 24.Nxa6 g5 25.e4 Nd4 26.e5 N6b5 27.Nab4 h6 28.Nc6
Qd7 29.Qb2 Nf3+ 30.Bxf3 Bxf3 31.e6 fxe6 32.Qxb5 Bxd5 33.Nde5 Qg7 34.Qb4 
Qf6 35.Qd4 Kg7 36.Rf1 Ra8 37.h4 Ra2 38.hxg5 hxg5 39.Qd1 Qh6 40.Nf3 1-0

[Event "VI Open Gelso Bianco A"]
[Site "Catania ITA"]
[Date "1995.08.07"]
[Round "2"]
[White "Martorelli, Antonio"]
[Black "Psakhis, Lev B."]
[Result "0-1"]
[WhiteElo "2320"]
[BlackElo "2610"]
[PlyCount "64"]
[EventDate "1995.08.06"]

1.e4 e6 2.Nc3 d5 3.Nf3 Nf6 4.e5 Nfd7 5.d4 c5 6.Bb5 Nc6 7.O-O a6 8.Bxc6 
bxc6 9.b3 cxd4 10.Qxd4 c5 11.Qg4 Bb7 12.Re1 h6 13.Qh3 Be7 14.Qg4 g6 15.h4 
Qc7 16.h5 g5 17.Bd2 Bf8 18.Na4 Bg7 19.c4 dxc4 20.Rac1 Rc8 21.Rxc4 Bxf3 22.
Qxf3 Nxe5 23.Qc3 O-O 24.Rxc5 Qd7 25.Rxc8 Rxc8 26.Qa5 Rc2 27.Be3 Ng4 28.Bc5
Bd4 29.Qb6 Bxc5 30.Nxc5 Qd2 31.Rf1 Rc1 32.Qxa6 Qxf2+ 0-1

[Event "VI Open Gelso Bianco A"]
[Site "Catania ITA"]
[Date "1995.08.07"]
[Round "2"]
[White "Mifsud, Timothy"]
[Black "Ochoa de Echaguen, Francisco Javier"]
[Result "1/2-1/2"]
[WhiteElo "2165"]
[BlackElo "2455"]
[PlyCount "50"]
[EventDate "1995.08.06"]

1.e4 c5 2.Nf3 Nc6 3.d4 cxd4 4.Nxd4 Nf6 5.Nc3 e5 6.Ndb5 d6 7.Bg5 a6 8.Na3 
b5 9.Bxf6 gxf6 10.Nd5 Bg7 11.c3 f5 12.exf5 Bxf5 13.Nc2 O-O 14.Nce3 Be6 15.
Bd3 f5 16.Bc2 f4 17.Qh5 Rf7 18.Bxh7+ Kf8 19.Bf5 Qe8 20.Bxe6 Qxe6 21.Qg4 
Qh6 22.Nf5 Qe6 23.Nfe3 Qh6 24.Nf5 Qe6 25.Nfe3 Qh6 1/2-1/2

[Event "VI Open Gelso Bianco A"]
[Site "Catania ITA"]
[Date "1995.08.07"]
[Round "2"]
[White "Miljanic, Boro"]
[Black "Bouaziz, Slim"]
[Result "1/2-1/2"]
[WhiteElo "2380"]
[BlackElo "2435"]
[PlyCount "55"]
[EventDate "1995.08.06"]

1.e4 c5 2.c3 d5 3.exd5 Qxd5 4.d4 Nf6 5.Be3 cxd4 6.cxd4 e6 7.a3 Be7 8.Nc3 
Qd6 9.Nf3 O-O 10.Bd3 Nc6 11.Qc2 Bd7 12.O-O Rac8 13.Rad1 Rfd8 14.Rfe1 Be8 
15.h3 Qb8 16.Qe2 h6 17.Qd2 Bf8 18.Bf4 Qa8 19.Bb1 Rd7 20.Qc2 g6 21.Qd2 Rcd8
22.Bxh6 Nxd4 23.Nxd4 Rxd4 24.Qc1 Rxd1 25.Rxd1 Rxd1+ 26.Nxd1 Bxh6 27.Qxh6 
Qd8 28.Qc1 1/2-1/2

[Event "VI Open Gelso Bianco A"]
[Site "Catania ITA"]
[Date "1995.08.07"]
[Round "2"]
[White "Ortega Izquierdo, Alejandro"]
[Black "Vescovi Portilho, Giovanni"]
[Result "0-1"]
[WhiteElo "2330"]
[BlackElo "2465"]
[PlyCount "74"]
[EventDate "1995.08.06"]

1.d4 Nf6 2.Nf3 g6 3.Bf4 Bg7 4.c3 O-O 5.e3 d6 6.h3 Nfd7 7.Be2 e5 8.Bh2 Nc6 
9.O-O f5 10.Na3 Qe7 11.b4 e4 12.Nd2 Nf6 13.Nac4 Nd8 14.a4 Nf7 15.Re1 g5 
16.b5 Bd7 17.Rb1 Kh8 18.a5 b6 19.Qc2 Rae8 20.axb6 axb6 21.Qb2 Bh6 22.Bf1 
f4 23.Ra1 d5 24.Na3 g4 25.exf4 gxh3 26.g3 Qd8 27.Nc2 Nd6 28.Ne3 Rg8 29.Kh1
Ng4 30.Nxg4 Bxg4 31.Be2 Bxe2 32.Rxe2 Qd7 33.Rb1 Qg4 34.f3 exf3 35.Rf2 Re2 
36.Rbf1 Ne4 37.Nxf3 Nxf2+ 0-1

[Event "VI Open Gelso Bianco A"]
[Site "Catania ITA"]
[Date "1995.08.07"]
[Round "2"]
[White "Parrella, Alfredo"]
[Black "Contin, Daniel"]
[Result "1-0"]
[WhiteElo "2225"]
[BlackElo "2365"]
[PlyCount "119"]
[EventDate "1995.08.06"]

1.e4 e6 2.d4 d5 3.exd5 exd5 4.Bd3 c5 5.c3 Nc6 6.Nf3 Bg4 7.Be2 Bd6 8.dxc5 
Bxc5 9.O-O Nge7 10.Nbd2 Qd6 11.b4 Bb6 12.Nc4 Qf6 13.Nxb6 axb6 14.Bd2 O-O 
15.Bg5 Qxc3 16.b5 Bxf3 17.Bxf3 Qe5 18.Qd2 Nd4 19.Rfe1 Nxf3+ 20.gxf3 Qf5 
21.Bxe7 Rfc8 22.Qg5 Qxg5+ 23.Bxg5 Rc5 24.Be3 Rxb5 25.Reb1 Rxa2 26.Rxb5 
Rxa1+ 27.Kg2 Rd1 28.Rxb6 f6 29.Rxb7 d4 30.Rd7 d3 31.Kg3 h5 32.Kh4 Kh7 33.
Kxh5 Rh1 34.Rxd3 Rxh2+ 35.Kg4 Rg2+ 36.Kh3 Rg1 37.Kh2 Rb1 38.Bd4 Kg6 39.Kg2
Rb5 40.Kf1 Kf5 41.Ke2 Rb7 42.Bc3 Re7+ 43.Re3 Rb7 44.Re8 Rb3 45.Bd4 Rb7 46.
Ra8 Re7+ 47.Be3 Rb7 48.Ra5+ Kg6 49.f4 Rb1 50.Kd3 Rb7 51.Ke4 Rb1 52.Kd3 Rb7
53.Ke4 Rb1 54.Kd5 Rb8 55.Ra7 Rd8+ 56.Ke6 Re8+ 57.Re7 Ra8 58.f5+ Kh7 59.Kf7
Ra5 60.Re4 1-0

[Event "VI Open Gelso Bianco A"]
[Site "Catania ITA"]
[Date "1995.08.07"]
[Round "2"]
[White "Sax, Gyula"]
[Black "Aleksic, Nenad"]
[Result "1-0"]
[WhiteElo "2550"]
[BlackElo "2445"]
[PlyCount "53"]
[EventDate "1995.08.06"]

1.e4 c5 2.Nf3 d6 3.d4 cxd4 4.Nxd4 Nf6 5.Nc3 a6 6.Be3 e6 7.f3 Nc6 8.Qd2 Be7
9.O-O-O O-O 10.g4 Nd7 11.h4 Nde5 12.Qg2 Qc7 13.g5 b5 14.h5 Nxd4 15.Bxd4 
Bb7 16.Kb1 Rac8 17.Bd3 b4 18.Na4 Bc6 19.Nb6 Rb8 20.g6 Rxb6 21.gxh7+ Kxh7 
22.f4 Rbb8 23.Rhg1 Bf6 24.fxe5 dxe5 25.Rdf1 Qe7 26.Bxe5 Bb5 27.Rxf6 1-0

[Event "VI Open Gelso Bianco A"]
[Site "Catania ITA"]
[Date "1995.08.07"]
[Round "2"]
[White "Stassi, Emilio"]
[Black "Kogan, Artur"]
[Result "0-1"]
[WhiteElo "2155"]
[BlackElo "2495"]
[PlyCount "94"]
[EventDate "1995.08.06"]

1.d4 Nf6 2.c4 e6 3.Nc3 Bb4 4.Qc2 c5 5.dxc5 O-O 6.a3 Bxc5 7.Nf3 d5 8.b4 Bd6
9.e3 Nc6 10.Bb2 Qe7 11.Be2 Re8 12.e4 dxe4 13.Ng5 a5 14.Ncxe4 Nxe4 15.Nxe4 
axb4 16.c5 Be5 17.Bxe5 Nxe5 18.Qb2 Nc6 19.axb4 Rxa1+ 20.Qxa1 Nxb4 21.O-O 
Bd7 22.Nd6 Rb8 23.Rb1 Nd5 24.Rxb7 Rxb7 25.Nxb7 Bc6 26.Qa8+ Qf8 27.Qxf8+ 
Kxf8 28.Na5 Ba8 29.Bf3 Ke7 30.Kf1 f5 31.Bxd5 Bxd5 32.f3 g5 33.Ke2 h5 34.h3
h4 35.Kf1 Kd7 36.Kf2 f4 37.Ke2 e5 38.Kd3 g4 39.hxg4 Bxf3 40.Nc4 e4+ 41.Kd4
Bxg2 42.g5 h3 43.Ne5+ Ke6 44.g6 Kf6 45.c6 e3 46.c7 Bb7 47.Nf3 e2 0-1

[Event "VI Open Gelso Bianco A"]
[Site "Catania ITA"]
[Date "1995.08.07"]
[Round "2"]
[White "Vukovic, Ivo"]
[Black "Viaggi, Giovanni"]
[Result "1-0"]
[WhiteElo "2285"]
[BlackElo "2125"]
[PlyCount "67"]
[EventDate "1995.08.06"]

1.e4 e5 2.d4 exd4 3.Qxd4 Nc6 4.Qe3 Nf6 5.Nc3 Bb4 6.Bd2 Qe7 7.O-O-O d6 8.
Qg3 Be6 9.Qxg7 Rg8 10.Qh6 O-O-O 11.Nd5 Bxd5 12.exd5 Nxd5 13.Bxb4 Ndxb4 14.
a3 Na6 15.Bxa6 bxa6 16.Qxh7 Qg5+ 17.Kb1 Qxg2 18.Qf5+ Kb8 19.Nf3 Qxf2 20.
Qxf7 Rgf8 21.Qb3+ Ka8 22.Ng5 Rb8 23.Qd5 Qb6 24.b3 a5 25.Ne6 Rf7 26.Rhf1 
Rxf1 27.Rxf1 a4 28.b4 a5 29.Rf4 Ka7 30.Rc4 Ne7 31.Qg5 Nc6 32.Qg2 d5 33.
Qxd5 Ne7 34.Qd7 1-0

[Event "VI Open Gelso Bianco A"]
[Site "Catania ITA"]
[Date "1995.08.08"]
[Round "3"]
[White "Aleksic, Nenad"]
[Black "Bellomo, Francesco"]
[Result "1/2-1/2"]
[WhiteElo "2445"]
[BlackElo "2360"]
[PlyCount "38"]
[EventDate "1995.08.06"]

1.e4 c5 2.Nf3 Nc6 3.d4 cxd4 4.Nxd4 Nf6 5.Nc3 e6 6.Ndb5 Bb4 7.a3 Bxc3+ 8.
Nxc3 d5 9.exd5 exd5 10.Bd3 O-O 11.O-O Bg4 12.f3 Bh5 13.Kh1 Qb6 14.Qe1 d4 
15.Ne2 Bg6 16.Nf4 Rfe8 17.Qf2 Bxd3 18.Nxd3 Nd5 19.Re1 Ne3 1/2-1/2

[Event "VI Open Gelso Bianco A"]
[Site "Catania ITA"]
[Date "1995.08.08"]
[Round "3"]
[White "Conquest, Stuart C."]
[Black "Sax, Gyula"]
[Result "1/2-1/2"]
[WhiteElo "2455"]
[BlackElo "2550"]
[PlyCount "26"]
[EventDate "1995.08.06"]

1.d4 Nf6 2.c4 e6 3.Nc3 Bb4 4.e3 O-O 5.Bd3 d5 6.Nf3 c5 7.O-O dxc4 8.Bxc4 
Nbd7 9.Qe2 b6 10.Rd1 cxd4 11.exd4 Bb7 12.Bd3 Bxc3 13.bxc3 Qc7 1/2-1/2